| 000 | 00700cam a2200193 4500 | ||
|---|---|---|---|
| 001 | J64331 | ||
| 008 | 000000n1986 000 0 eng u | ||
| 035 | _a(Sirsi) u112298 | ||
| 110 |
_aInstitute of Building Control _93341 |
||
| 245 | 4 | _aThe Institution of Building Control Officers 986 weekend school university of Exeter - Inaugural dinner The Great Hall Friday 4th April 1986 | |
| 260 |
_aEpsom _bIBC _c1986 |
||
| 300 | _a1 folded sheet. ; 23cm. | ||
| 520 | _aStored in basement. Menu and list of speakers | ||
| 650 | _aIBC | ||
| 650 | _aINSTITUTE OF BUILDING CONTROL | ||
| 650 | _aPROFESSIONAL ASSOCIATIONS | ||
| 690 | _aMANAGEMENT-BUSINESS MANAGEMENT-PROFESSIONAL PRACTICE | ||
| 942 | _n0 | ||
| 999 |
_c101394 _d101394 |
||